000 00291nam a22001337a 4500
008 170628b xxu||||| |||| 00| 0 eng d
020 _a9780691016252
041 _aeng
080 _a82
100 _a22
101 _aGJL
245 _aOPTIMAL IMPERFECTION
_cDOWNAS.G.W
942 _2udc
_cBK
999 _c19417
_d19417